(ai)/ (Record no. 4147)

MARC details
000 -LEADER
campo de control de longitud fija 01153nam a22003737a 4500
003 - IDENTIFICADOR DE NÚMERO DE CONTROL
campo de control OSt
005 - FECHA Y HORA DE LA ÚLTIMA TRANSACCIÓN
campo de control 20230817093626.0
008 - DATOS DE LONGITUD FIJA--INFORMACIÓN GENERAL
campo de control de longitud fija 221006b |||||||| |||| 00| 0 eng d
040 ## - FUENTE DE CATALOGACIÓN
Centro/agencia transcriptor Biblioteca Lado V
082 ## - NÚMERO DE LA CLASIFICACIÓN DECIMAL DEWEY
Número de clasificación 792
Número de ítem K96a
100 ## - ENTRADA PRINCIPAL--NOMBRE DE PERSONA
9 (RLIN) 945
Nombre de persona Kuo, Michael
Término indicativo de función/relación editor
245 ## - MENCIÓN DEL TÍTULO
Título (ai)/
Resto del título Performance for the planet/
260 ## - PUBLICACIÓN, DISTRIBUCIÓN, ETC.
Nombre del editor, distribuidor, etc. Arts International Inc.
Fecha de publicación, distribución, etc. 2001
Lugar de publicación, distribución, etc. New York
300 ## - DESCRIPCIÓN FÍSICA
Dimensiones 23x28cm
Extensión 112p.
490 ## - MENCIÓN DE SERIE
Mención de serie 12
Número Internacional Normalizado para Publicaciones Seriadas 1529-3777
505 ## - NOTA DE CONTENIDO CON FORMATO
Título (ai) Interview
505 ## - NOTA DE CONTENIDO CON FORMATO
Título La MaMa of Multiculturalism
505 ## - NOTA DE CONTENIDO CON FORMATO
Título Open Form
505 ## - NOTA DE CONTENIDO CON FORMATO
Título Complicit Acts
505 ## - NOTA DE CONTENIDO CON FORMATO
Título A hora de Totonh
505 ## - NOTA DE CONTENIDO CON FORMATO
Título Midsummer Night´s Dream
505 ## - NOTA DE CONTENIDO CON FORMATO
Título Afrikaans Arts
505 ## - NOTA DE CONTENIDO CON FORMATO
Título In process
505 ## - NOTA DE CONTENIDO CON FORMATO
Título Faultlines
505 ## - NOTA DE CONTENIDO CON FORMATO
Título Artist´s Portfolio
505 ## - NOTA DE CONTENIDO CON FORMATO
Título Take it and Run
505 ## - NOTA DE CONTENIDO CON FORMATO
Título Crossings
650 ## - PUNTO DE ACCESO ADICIONAL DE MATERIA--TÉRMINO DE MATERIA
Fuente del encabezamiento o término Tesauro de Arte & Arquitectura
Término de materia o nombre geográfico como elemento de entrada ARTE
9 (RLIN) 703
650 ## - PUNTO DE ACCESO ADICIONAL DE MATERIA--TÉRMINO DE MATERIA
Fuente del encabezamiento o término Tesauro de Arte & Arquitectura
Término de materia o nombre geográfico como elemento de entrada PERFORMANCE
650 ## - PUNTO DE ACCESO ADICIONAL DE MATERIA--TÉRMINO DE MATERIA
Fuente del encabezamiento o término Tesauro de Arte & Arquitectura
Término de materia o nombre geográfico como elemento de entrada ARTES ESCENICAS
651 ## - PUNTO DE ACCESO ADICIONAL DE MATERIA--NOMBRE GEOGRÁFICO
Fuente del encabezamiento o término Tesauro de Arte & Arquitectura
Nombre geográfico NEW YORK
700 ## - ENTRADA AGREGADA--NOMBRE PERSONAL
Nombre de persona Wessling, Katherine
Término indicativo de función/relación editor
942 ## - ELEMENTOS DE ENTRADA SECUNDARIOS (KOHA)
Fuente del sistema de clasificación o colocación Clasificación Decimal Dewey
Tipo de ítem Koha Libros
Parte de la signatura que corresponde a la clasificación (Parte de la clasificación) 792
Parte de la signatura que identifica el ejemplar (Parte del ítem) K96a
Suprimir en OPAC No
Holdings
Estatus retirado Estado de pérdida Fuente del sistema de clasificación o colocación Especificación de materiales (volumen encuadernado u otra parte) Estado de daño No para préstamo Colección Biblioteca de origen Biblioteca actual Fecha de adquisición Enumeración/cronología de publicación seriada Número de inventario Total de préstamos Signatura topográfica completa Código de barras Visto por última vez Precio de reemplazo Tipo de ítem Koha
    Clasificación Decimal Dewey 2001     Revistas Biblioteca LadoV Biblioteca LadoV 17/08/2023 12 002417   792 K96a 002417 17/08/2023 17/08/2023 Libros